Study Of Process Document Expat Assignments Cummins India Limited,Pune (Record no. 75072)

MARC details
000 -LEADER
fixed length control field 00470nam a2200133Ia 4500
008 - FIXED-LENGTH DATA ELEMENTS--GENERAL INFORMATION
fixed length control field 221007s9999 xx 000 0 und d
041 ## - LANGUAGE CODE
Language code of text/sound track or separate title eng
082 ## - DEWEY DECIMAL CLASSIFICATION NUMBER
Item number DAH
100 ## - MAIN ENTRY--PERSONAL NAME
Personal name Dahatonde Vidya B - 2k141055; Prof.Archana Tatkar - Guide & [Company Name] - Cummins India Limited,Pune
9 (RLIN) 103739
245 ## - TITLE STATEMENT
Title Study Of Process Document Expat Assignments Cummins India Limited,Pune
260 ## - PUBLICATION, DISTRIBUTION, ETC. (IMPRINT)
Date of publication, distribution, etc. Sep-15
Name of publisher, distributor, etc. Savitribai Phule Pune University
Place of publication, distribution, etc. Pune
300 ## - PHYSICAL DESCRIPTION
Extent 65p
906 ## - LOCAL DATA ELEMENT F, LDF (RLIN)
b General
Holdings
Withdrawn status Lost status Damaged status Not for loan Home library Current library Date acquired Vendor Total Checkouts Full call number Barcode Date last seen Bill Date Koha item type Original Barcode
        Smt. Hiraben Nanavati Institute of Management & Research for Women Smt. Hiraben Nanavati Institute of Management & Research for Women 21/07/2016 HNIMR   DAH HIMR-PR-603 07/10/2022 07/10/2022 Project Reports PR0603